| 000 | 01363nam a22002537a 4500 | ||
|---|---|---|---|
| 001 | 78645 | ||
| 003 | UA-OsUOA | ||
| 005 | 20201218121417.0 | ||
| 007 | ta | ||
| 008 | 20111018b un ||||| |||| 00| 0 ukr d | ||
| 040 |
_aUA-OsUOA _brus _cUA-OsUOA _dUA-OsUOA |
||
| 041 | _arus | ||
| 080 | _a821.161.1(44) | ||
| 090 |
_a821.161.1(44) _bС37 |
||
| 100 | _aСименон Ж. | ||
| 245 |
_aПризнания Мегрэ _bРоманы _cсост. Н. С. Дроздовой; послесл. Ю. Уварова |
||
| 260 |
_aМ. _bПравда _c1982 |
||
| 300 | _a573 с. | ||
| 520 | _aВ сборник включены романы крупного представителя детективного жанра в современной зарубежной литературе Жоржа Сименона. Большая их часть относится к серии о комиссаре уголовной полиции Парижа Мегрэ; они посвящены психологическому исследованию человеческих характеров, фрмирующихся в условиях буржуазного общества. | ||
| 650 | 7 |
_a82 Література. Літературознавство _2UDC |
|
| 942 |
_cBK _2udc |
||
| 955 | _a3 | ||
| 999 |
_c364950 _d364950 |
||